Visualizzazione normale
Vista MARC
- Modern Jazz Quartet
di Personal Name
Records bibliografici associati: 1
001 - CONTROL NUMBER
- control field: 18827
003 - CONTROL NUMBER IDENTIFIER
- control field: IT-RoPau
005 - DATE AND TIME OF LATEST TRANSACTION
- control field: 20140405220652.0
008 - FIXED-LENGTH DATA ELEMENTS
- fixed length control field: 140405|| aca||aabn | a|a d
040 ## - CATALOGING SOURCE
- Original cataloging agency: IT-RoPau
- Transcribing agency: IT-RoPau
100 ## - HEADING--PERSONAL NAME
- Personal name: Modern Jazz Quartet
- Relator term: Autore
- Miscellaneous information: Codice autore SPICS: 10676
670 ## - SOURCE DATA FOUND
- Source citation: Work cat.: (IT-RoPau)99094: Lewis John 18824, Jazz. Gli uomini, gli strumenti, gli stili 01